Guess The Reading Brand! - Statistics

General Stats
  • This quiz has been taken 31 times
  • The average score is 15 of 28
Answer Stats
Picture Answer % Correct
Playboy
89%
Marvel
85%
The Sun
81%
Cosmopolitan
74%
Forbes
74%
People
74%
National Geographic
70%
Rolling Stones
70%
Time
67%
Vogue
67%
IGN
63%
DC Comics
56%
The Onion
56%
Wall Street Journal
56%
Penguin
52%
USA Today
52%
GQ
48%
Amazon Kindle
44%
Cnet
44%
DK
44%
Washington Post
44%
Daily Mail
41%
Men's Health
41%
Wired
41%
Life
37%
Mad
26%
Smithsonian
26%
Reader's Digest
19%
No matching quizzes found
Score Distribution
Percent of People with Each Score
Percentile by Number Answered
Your Score History
You have not taken this quiz